00997nam a2200265 i 4500003000900000005001700009007000300026008004100029040003000070082001400100110009700114245006400211264010600275300004500381336002700426337003300453338002800486490002000514520000600534590002700540910000700567942001400574952012600588999001700714DO-SdBNP20250130142600.0ta110113s19? sp r 000 f spa d aDO-SdBNPbspacBNPHUerda bR426m2221 aRepública Dominicana.bSecretaría de Estado de Educación, Bellas Artes y Cultos92396510aMis primeros pasos :bespañol y matematica , primer grado 1aSanto Domingo :bSecretaria de Estado de Educación, Bellas Artes y Culto,c[fecha no identificada]. a153 páginas :bilustraciones ;c28 cm. 2rdacontentatextobtxt 2rdamediaasin mediaciónbn 2rdacurrieravolumenbnc aDominicana 2000 a  aInventariado, 2023/ DG aDG 2ddccLBS1 00102ddc51708PDaBNPHUbBNPHUcCTd2023-11-09edonaciónl0oBNPHU PD R426mp2023-7691r2023-11-09w2023-11-09yLBS1 c55436d55436